• 首页
  • 本馆介绍
  • 公告通知
  • 最新文献
  • 馆藏检索
  • 电子资源
  • 读者导购
  • 参考咨询
  • 我的图书馆
  • 登录
  • 详细信息显示
  • 放入我的书架
  • 预约/预借图书
  • 作者相关作品
  • 分类相关作品
  • 丛书相关作品
  • 出版社相关作品

书目信息

  • 表格格式
  • 工作单格式
  • 卡片格式
题名:
基于金融集聚视角的河北省互联网金融产业发展研究
    
 
作者: 卢玉志 著
分册:  
出版信息: 北京   经济管理出版社  2017
页数: 172页
开本: 24cm
丛书名: 经济管理学术文库
单 册:
中图分类: F832.722 , F832
科图分类:
主题词: 互联网络--hu lian wang luo--金融业--产业发展--研究--河北省
电子资源:
ISBN: 978-7-5096-5423-1
000 01686nam 2200301 450
001 2347499471
005 20231212131157.25
010    @a978-7-5096-5423-1@dCNY68.00
100    @a20180104d2017 em y0chiy50 ea
101 0  @achi
102    @aCN@b110000
105    @ak a 000yy
200 1  @a基于金融集聚视角的河北省互联网金融产业发展研究@Aji yu jin rong ji ju shi jiao de he bei sheng hu lian wang jin rong chan ye fa zhan yan jiu@d= Research on the development of Hebei internet finance industry based on the perspective of finance agglomeration@f卢玉志等著@zeng
210    @a北京@c经济管理出版社@d2017
215    @a172页@d24cm
225 2  @a经济管理学术文库@Ajing ji guan li xue shu wen ku@i金融类
300    @a河北省社会科学基金项目 河北省软科学研究计划项目 河北经贸大学学术著作出版基金资助 河北经贸大学金融学院学术著作出版基金资助
314    @a卢玉志, 河北经贸大学金融学院副教授、硕士生导师。
320    @a有书目 (第167-169页)
330    @a本书从金融集聚的视角, 论述金融集聚与互联网金融产业发展之间的关系, 借鉴北京、天津、上海等地发展互联网金融产业的经验, 结合制约河北省互联网金融产业发展的不利条件以及做大做强河北省互联网金融产业的有利条件, 在此基础上提出科学布局发展河北省互联网金融产业的合理建议, 以促进河北省互联网金融产业的发展, 为河北经济发展提供新的增长源泉。
410  0 @12001 @a经济管理学术文库@i金融类
510 1  @aResearch on the development of Hebei internet finance industry based on the perspective of finance agglomeration@zeng
606 0  @a互联网络@Ahu lian wang luo@x金融业@x产业发展@x研究@y河北省
690    @aF832.722@v5
690    @aF832@v4
701  0 @a卢玉志@Alu yu zhi@4著
801  0 @aCN@b湖北三新@c20180104
905    @aZUCC@dF832@e49
    
    基于金融集聚视角的河北省互联网金融产业发展研究= Research on the development of Hebei internet finance industry based on the perspective of finance agglomeration/卢玉志等著.-北京:经济管理出版社,2017
    172页;24cm.-(经济管理学术文库.金融类)
    河北省社会科学基金项目 河北省软科学研究计划项目 河北经贸大学学术著作出版基金资助 河北经贸大学金融学院学术著作出版基金资助
    
    ISBN 978-7-5096-5423-1:CNY68.00
    本书从金融集聚的视角, 论述金融集聚与互联网金融产业发展之间的关系, 借鉴北京、天津、上海等地发展互联网金融产业的经验, 结合制约河北省互联网金融产业发展的不利条件以及做大做强河北省互联网金融产业的有利条件, 在此基础上提出科学布局发展河北省互联网金融产业的合理建议, 以促进河北省互联网金融产业的发展, 为河北经济发展提供新的增长源泉。
●
相关链接 在五车中查询图书 在当当中查询图书 在豆瓣中查询图书


正题名:基于金融集聚视角的河北省互联网金融产业发展研究     索取号:F832/49         预约/预借

序号 登录号 条形码 馆藏地/架位号 状态 备注
1 2001431235   2001431235   617书库/ [索取号:F832/49] 在馆    
2 2001431236   2001431236   617书库/ [索取号:F832/49] 在馆    
3 2001431237   2001431237   617书库/ [索取号:F832/49] 在馆    
4 2001431238   2001431238   617书库/ [索取号:F832/49] 在馆    
5 2001431239   2001431239   617书库/ [索取号:F832/49] 在馆    
6 2001431240   2001431240   617书库/ [索取号:F832/49] 在馆    
7 2001431241   2001431241   617书库/ [索取号:F832/49] 在馆    
8 2001431242   2001431242   617书库/ [索取号:F832/49] 在馆    
9 2001431243   2001431243   617书库/ [索取号:F832/49] 在馆    
10 2001431244   2001431244   617书库/ [索取号:F832/49] 在馆    
11 2001431245   2001431245   617书库/ [索取号:F832/49] 在馆    
12 2001431246   2001431246   617书库/ [索取号:F832/49] 在馆    
13 2001431247   2001431247   617书库/ [索取号:F832/49] 在馆    
14 2001431248   2001431248   617书库/ [索取号:F832/49] 在馆    
15 2001431249   2001431249   617书库/ [索取号:F832/49] 在馆    
16 2001431250   2001431250   617书库/ [索取号:F832/49] 在馆    
17 2001431251   2001431251   617书库/ [索取号:F832/49] 在馆    
18 2001431252   2001431252   617书库/ [索取号:F832/49] 在馆    
19 2001431253   2001431253   617书库/ [索取号:F832/49] 在馆    
20 2001431254   2001431254   617书库/ [索取号:F832/49] 在馆    
21 2001431255   2001431255   617书库/ [索取号:F832/49] 在馆    
22 2001431256   2001431256   617书库/ [索取号:F832/49] 在馆    
23 2001431257   2001431257   617书库/ [索取号:F832/49] 在馆    
24 2001431258   2001431258   617书库/ [索取号:F832/49] 在馆    
25 2001431259   2001431259   617书库/ [索取号:F832/49] 在馆    
26 2001431260   2001431260   617书库/ [索取号:F832/49] 在馆    
27 2001431261   2001431261   617书库/ [索取号:F832/49] 在馆    
28 2001431262   2001431262   617书库/ [索取号:F832/49] 在馆    
29 2001431263   2001431263   617书库/ [索取号:F832/49] 在馆    
30 2001431264   2001431264   617书库/ [索取号:F832/49] 在馆    
山东省滨州职业学院图书馆 欢迎您!
大连网信软件有限公司© 版权所有